| 000 | 01242nam0a2200337 4500 | ||
|---|---|---|---|
| 001 | RU\NLR\bibl\380132 | ||
| 005 | 20250622153243.0 | ||
| 010 |
_a5-901377-16-8 _95000 |
||
| 021 |
_aRU _b2002-64710 _93145 |
||
| 035 | _a(NLR Aleph) 000374550 | ||
| 090 |
_a416776 _c416776 |
||
| 100 | _a20030220d2002 |||y0rusy50 ca | ||
| 101 | 0 | _arus | |
| 102 | _aRU | ||
| 105 | _aa ||||||||| | ||
| 200 | 1 |
_aМне не страшно! _eУроки безопасности для детей и взрослых _fЕлена Надтока _gАвтоном. некоммерч. орг. "Ред. газ. "Част. лавочка" |
|
| 210 |
_aРостов н/Д _cСтарые русские _d2002 |
||
| 215 |
_a63,[1] с. _cил. _d20 |
||
| 300 | _aИзд. на средства Ин-та "Открытое общ-во" (Фонд Сороса - Россия) | ||
| 610 | 0 | _aДети - Обеспечение безопасности | |
| 675 |
_a087.5:614.8.084 _v3 _zrus |
||
| 686 |
_a68.9 _2rubbk |
||
| 686 |
_aШ9 _bЧ3 |
||
| 700 | 1 |
_aНадтока _bЕ. М. _4070 |
|
| 801 | 0 |
_aRU _bRKP _c20030220 _gPSBO |
|
| 801 | 1 |
_aRU _bRKP _c20030220 |
|
| 801 | 2 |
_aRU _bNLR _c20030410 _grcr |
|
| 942 | _cBOOK | ||
| 980 | _aNB | ||